000 00604nam a2200181 i 4500
001 162907
003 ES-MaACL
005 20230906212628.0
008 050707s1900 fr |||| | fre d
040 _aCAM
_bspa
_cCAM
100 1 _aRambaud, Alfred.
_995070
245 1 0 _aHistoire de la Russie
_b: depuis les origines jusqu'a nos jours /
_cpar Alfred Rambaud.
250 _a5e éd.
260 _aParis :
_blibraire Hachette et Cie.,
_c1900 (
_fImprimerie Lahure)
300 _a922 p., [6] h. de map. pleg. ;
_c19 cm.
651 4 _aRusia-
_xHistoria.
_99330
852 _aES-MaACL
_jF-8172
_z-- Enc. hol.
999 _c162907
_d162907